<?xml version="1.0" encoding="UTF-8"?>
<record
    xmlns:xsi="http://www.w3.org/2001/XMLSchema-instance"
    xsi:schemaLocation="http://www.loc.gov/MARC21/slim http://www.loc.gov/standards/marcxml/schema/MARC21slim.xsd"
    xmlns="http://www.loc.gov/MARC21/slim">

  <leader>01277nam a22002297a 4500</leader>
  <datafield tag="952" ind1=" " ind2=" ">
    <subfield code="0">0</subfield>
    <subfield code="1">0</subfield>
    <subfield code="4">0</subfield>
    <subfield code="7">0</subfield>
    <subfield code="a">23</subfield>
    <subfield code="b">23</subfield>
    <subfield code="d">2019-02-12</subfield>
    <subfield code="l">0</subfield>
    <subfield code="o">R726.8  S67</subfield>
    <subfield code="p">23 002434</subfield>
    <subfield code="r">2025-08-25</subfield>
    <subfield code="t">1</subfield>
    <subfield code="w">2019-02-12</subfield>
    <subfield code="y">LB</subfield>
  </datafield>
  <datafield tag="952" ind1=" " ind2=" ">
    <subfield code="0">0</subfield>
    <subfield code="1">0</subfield>
    <subfield code="4">0</subfield>
    <subfield code="7">0</subfield>
    <subfield code="a">23</subfield>
    <subfield code="b">23</subfield>
    <subfield code="d">2019-02-12</subfield>
    <subfield code="l">4</subfield>
    <subfield code="o">R726.8  S67</subfield>
    <subfield code="p">23 002435</subfield>
    <subfield code="r">2024-01-15</subfield>
    <subfield code="s">2024-01-12</subfield>
    <subfield code="t">2</subfield>
    <subfield code="w">2019-02-12</subfield>
    <subfield code="y">LB</subfield>
  </datafield>
  <datafield tag="952" ind1=" " ind2=" ">
    <subfield code="0">0</subfield>
    <subfield code="1">0</subfield>
    <subfield code="4">0</subfield>
    <subfield code="7">0</subfield>
    <subfield code="a">23</subfield>
    <subfield code="b">23</subfield>
    <subfield code="d">2019-02-12</subfield>
    <subfield code="l">2</subfield>
    <subfield code="o">R726.8  S67</subfield>
    <subfield code="p">23 002436</subfield>
    <subfield code="r">2025-03-12</subfield>
    <subfield code="s">2025-03-04</subfield>
    <subfield code="t">3</subfield>
    <subfield code="w">2019-02-12</subfield>
    <subfield code="y">LB</subfield>
  </datafield>
  <datafield tag="952" ind1=" " ind2=" ">
    <subfield code="0">0</subfield>
    <subfield code="1">0</subfield>
    <subfield code="4">0</subfield>
    <subfield code="7">0</subfield>
    <subfield code="a">23</subfield>
    <subfield code="b">23</subfield>
    <subfield code="d">2019-02-12</subfield>
    <subfield code="l">2</subfield>
    <subfield code="o">R726.8  S67</subfield>
    <subfield code="p">23 002437</subfield>
    <subfield code="r">2022-10-18</subfield>
    <subfield code="s">2022-10-14</subfield>
    <subfield code="t">4</subfield>
    <subfield code="w">2019-02-12</subfield>
    <subfield code="y">LB</subfield>
  </datafield>
  <datafield tag="952" ind1=" " ind2=" ">
    <subfield code="0">0</subfield>
    <subfield code="1">0</subfield>
    <subfield code="4">0</subfield>
    <subfield code="7">0</subfield>
    <subfield code="a">23</subfield>
    <subfield code="b">23</subfield>
    <subfield code="d">2019-02-12</subfield>
    <subfield code="l">1</subfield>
    <subfield code="m">1</subfield>
    <subfield code="o">R726.8  S67</subfield>
    <subfield code="p">23 002438</subfield>
    <subfield code="r">2024-08-16</subfield>
    <subfield code="s">2024-08-09</subfield>
    <subfield code="t">5</subfield>
    <subfield code="w">2019-02-12</subfield>
    <subfield code="y">LB</subfield>
  </datafield>
  <datafield tag="952" ind1=" " ind2=" ">
    <subfield code="0">0</subfield>
    <subfield code="1">0</subfield>
    <subfield code="4">0</subfield>
    <subfield code="7">0</subfield>
    <subfield code="a">23</subfield>
    <subfield code="b">23</subfield>
    <subfield code="d">2019-02-12</subfield>
    <subfield code="l">1</subfield>
    <subfield code="o">R726.8  S67</subfield>
    <subfield code="p">23 002439</subfield>
    <subfield code="r">2019-03-28</subfield>
    <subfield code="s">2019-03-25</subfield>
    <subfield code="t">6</subfield>
    <subfield code="w">2019-02-12</subfield>
    <subfield code="y">LB</subfield>
  </datafield>
  <datafield tag="952" ind1=" " ind2=" ">
    <subfield code="0">0</subfield>
    <subfield code="1">0</subfield>
    <subfield code="4">0</subfield>
    <subfield code="7">0</subfield>
    <subfield code="a">23</subfield>
    <subfield code="b">23</subfield>
    <subfield code="d">2019-02-12</subfield>
    <subfield code="l">1</subfield>
    <subfield code="m">2</subfield>
    <subfield code="o">R726.8  S67</subfield>
    <subfield code="p">23 002440</subfield>
    <subfield code="r">2025-09-26</subfield>
    <subfield code="s">2025-09-02</subfield>
    <subfield code="t">7</subfield>
    <subfield code="w">2019-02-12</subfield>
    <subfield code="y">LB</subfield>
  </datafield>
  <datafield tag="952" ind1=" " ind2=" ">
    <subfield code="0">0</subfield>
    <subfield code="1">0</subfield>
    <subfield code="4">0</subfield>
    <subfield code="7">0</subfield>
    <subfield code="a">23</subfield>
    <subfield code="b">23</subfield>
    <subfield code="d">2019-02-12</subfield>
    <subfield code="l">1</subfield>
    <subfield code="o">R726.8  S67</subfield>
    <subfield code="p">23 002441</subfield>
    <subfield code="r">2025-03-04</subfield>
    <subfield code="s">2019-07-23</subfield>
    <subfield code="t">8</subfield>
    <subfield code="w">2019-02-12</subfield>
    <subfield code="y">LB</subfield>
  </datafield>
  <datafield tag="952" ind1=" " ind2=" ">
    <subfield code="0">0</subfield>
    <subfield code="1">0</subfield>
    <subfield code="4">0</subfield>
    <subfield code="7">0</subfield>
    <subfield code="a">23</subfield>
    <subfield code="b">23</subfield>
    <subfield code="d">2019-02-12</subfield>
    <subfield code="l">1</subfield>
    <subfield code="o">R726.8  S67</subfield>
    <subfield code="p">23 002442</subfield>
    <subfield code="r">2025-03-14</subfield>
    <subfield code="s">2022-08-24</subfield>
    <subfield code="t">9</subfield>
    <subfield code="w">2019-02-12</subfield>
    <subfield code="y">LB</subfield>
  </datafield>
  <datafield tag="999" ind1=" " ind2=" ">
    <subfield code="c">103820</subfield>
    <subfield code="d">103820</subfield>
  </datafield>
  <controlfield tag="008">190212s2016    sp  |||| |||| 000 0 spa d</controlfield>
  <datafield tag="020" ind1=" " ind2=" ">
    <subfield code="a">9788416421336</subfield>
  </datafield>
  <datafield tag="050" ind1=" " ind2="4">
    <subfield code="a">R726.8 </subfield>
    <subfield code="b">S67</subfield>
  </datafield>
  <datafield tag="100" ind1="1" ind2=" ">
    <subfield code="a">Soto Pe&#xF1;a, Olga</subfield>
    <subfield code="e">autor</subfield>
  </datafield>
  <datafield tag="245" ind1="1" ind2="0">
    <subfield code="a">Cuidar la vida, velar la muerte</subfield>
    <subfield code="b">:diario de una antrop&#xF3;loga en Unidad de Cuidados Paliativos</subfield>
    <subfield code="c">/ Olga Soto Pe&#xF1;a, pr&#xF3;logo de Pilar Sanchiz Ochoa</subfield>
  </datafield>
  <datafield tag="260" ind1="3" ind2=" ">
    <subfield code="a">Espa&#xF1;a</subfield>
    <subfield code="b">: Anthropos</subfield>
    <subfield code="c">, 2016</subfield>
  </datafield>
  <datafield tag="300" ind1=" " ind2=" ">
    <subfield code="a">142 p&#xE1;ginas</subfield>
  </datafield>
  <datafield tag="490" ind1="0" ind2=" ">
    <subfield code="a">Divulga</subfield>
    <subfield code="v">5 </subfield>
  </datafield>
  <datafield tag="504" ind1=" " ind2=" ">
    <subfield code="a">Incluye bibliograf&#xED;a (pp137-139)</subfield>
  </datafield>
  <datafield tag="505" ind1=" " ind2=" ">
    <subfield code="a">Afrontando el c&#xE1;ncer
Los cuidados paliativos. Historia de una disidencia
Sensibilidad y profesionalidad
Cuando el que muere se convierte en un trasto inc&#xF3;modo
Aprobaci&#xF3;n de la Ley de Muerte Digna
Negaci&#xF3;n del dolor
Trascender el dolor
El estigma de "lo social"
Dudas metodol&#xF3;gicas</subfield>
  </datafield>
  <datafield tag="519" ind1=" " ind2=" ">
    <subfield code="a">Plan UNAM 5&#xB0; semestre (Optativa) / </subfield>
    <subfield code="b">Enfermer&#xED;a / </subfield>
    <subfield code="c">Cuidados paliativos (0018) / </subfield>
    <subfield code="d">(23 002434, 23 002435, 23 002436, 23 002437, 23 002438, 23 002439, 23 002440, 23 002441, 23 002442)</subfield>
  </datafield>
  <datafield tag="650" ind1="1" ind2="4">
    <subfield code="a">TRATAMIENTO PALIATIVO</subfield>
  </datafield>
  <datafield tag="650" ind1="2" ind2="4">
    <subfield code="a">DUELO</subfield>
    <subfield code="x">MUERTE</subfield>
  </datafield>
  <datafield tag="700" ind1="1" ind2=" ">
    <subfield code="a">Sanchiz Ochoa, Pilar</subfield>
    <subfield code="e">pr&#xF3;logo </subfield>
  </datafield>
  <datafield tag="942" ind1=" " ind2=" ">
    <subfield code="c">LB</subfield>
  </datafield>
</record>
